فن الشعر لهوراتيوس بحث وترجمة
محفوظ في:
المؤلف الرئيسي:
التنسيق: كتاب
اللغة: Undetermined
منشور في:
Alexandria
Alexandria University
1966
الوسوم: إضافة وسم
لا توجد وسوم, كن أول من يضع وسما على هذه التسجيلة!
رقم الطلب: A99 AHWA
| LEADER | 00379nam a2200121Ia 4500 | ||
|---|---|---|---|
| 008 | 240404s9999||||xx |||||||||||||| ||und|| | ||
| 050 | 4 | |a A99 AHWA | |
| 100 | 1 | |a فاطكة سالم سيف. | |
| 245 | 1 | 0 | |a فن الشعر لهوراتيوس بحث وترجمة |c فاطكة سالم سيف |
| 264 | 1 | |a Alexandria |b Alexandria University |c 1966 | |
| 300 | |a 55 |c 20 | ||
| 942 | |2 lcc |c BK | ||
| 999 | |c 58030 |d 58030 | ||
